GETS Theological Seminary Library

Word biblical commentary: (Record no. 393)

MARC details
000 -LEADER
fixed length control field 00516nam a2200181Ia 4500
008 - FIXED-LENGTH DATA ELEMENTS--GENERAL INFORMATION
fixed length control field 200731s9999 xx 000 0 und d
020 ## - INTERNATIONAL STANDARD BOOK NUMBER
International Standard Book Number 084990210X
020 ## - INTERNATIONAL STANDARD BOOK NUMBER
International Standard Book Number 9780849902109
041 ## - LANGUAGE CODE
Language code of text/sound track or separate title eng
050 ## - LIBRARY OF CONGRESS CALL NUMBER
Classification number BS491.2
Item number .W67 1982-
100 ## - MAIN ENTRY--PERSONAL NAME
Personal name Anderson, A. A.
245 ## - TITLE STATEMENT
Title Word biblical commentary:
Remainder of title 2 Samuel
Statement of responsibility, etc. A. A. Anderson
260 ## - PUBLICATION, DISTRIBUTION, ETC.
Place of publication, distribution, etc. Nashville :
Name of publisher, distributor, etc. Thomas Nelson Publishers,
Date of publication, distribution, etc. 1989, c1982
300 ## - PHYSICAL DESCRIPTION
Extent 52 v.
Other physical details ;
Dimensions 24 cm.
650 ## - SUBJECT ADDED ENTRY--TOPICAL TERM
Topical term or geographic name entry element Bible. -- Samuel, 2nd -- Commentaries.
949 ## - LOCAL PROCESSING INFORMATION (OCLC)
v v.11
Holdings
Withdrawn status Lost status Damaged status Not for loan Home library Current library Shelving location Date acquired Total Checkouts Full call number Barcode Date last seen Price effective from Koha item type
        GETS Theological Seminary Library GETS Theological Seminary Library General Stacks 07/12/2020   BS491.2 .W67 1982- 00000377 07/12/2020 07/12/2020 English Books
OpacCredits

Contact the Librarian, GETS Library
Email: library@mygets.org









Implemented by GETS Library
(Powered by ETCA Professional Group)
GETS Theological Seminary
412 E. Rowland Street, CA 91723